000 00235nam a2200097 a 4500
005 20201002060647.0
008 180713s2004 000 spa d
245 0 _aHotel Burlesque.
260 _aSanto Domingo,
_c[s.f.].
999 _c47144
_d47144
040 _aDO-SdBNP